Kadra reprezentacji Niemiec na Mistrzostwa Świata 2026 - Statystyki

Ogólne statystyki
  • Ten quiz został rozwiązany 16 razy
  • Średni wynik to 14 z 26
Statystyki odpowiedzi
Pozycja Klub Zawodnik % Poprawnych
Pomocnik Bayern Monachium Joshua Kimmich
94%
Bramkarz Bayern Monachium Manuel Neuer
94%
Obrońca Real Madryt Antonio Rüdiger
88%
Pomocnik Liverpool Florian Wirtz
88%
Pomocnik Bayern Monachium Jamal Musiala
88%
Napastnik Arsenal Kai Havertz
81%
Pomocnik Bayern Monachium Leon Goretzka
75%
Pomocnik Galatasaray Leroy Sané
69%
Napastnik Newcastle United Nick Woltemade
69%
Obrońca BVB Nico Schlotterbeck
69%
Bramkarz Hoffenheim Oliver Baumann
69%
Pomocnik Bayern Monachium Aleksandar Pavlović
63%
Napastnik VfB Stuttgart Deniz Undav
63%
Bramkarz VfB Stuttgart Alexander Nübel
50%
Obrońca Bayern Monachium Jonathan Tah
50%
Pomocnik Bayern Monachium Lennart Karl
50%
Obrońca RB Lipsk David Raum
44%
Obrońca Newcastle United Malick Thiaw
44%
Pomocnik Brighton Pascal Groß
44%
Napastnik BVB Maximilian Beier
38%
Pomocnik 1.FSV Mainz 05 Nadiem Amiri
31%
Pomocnik BVB Felix Nmecha
25%
Obrońca BVB Waldemar Anton
25%
Pomocnik VfB Stuttgart Angelo Stiller
19%
Pomocnik VfB Stuttgart Jamie Leweling
6%
Obrońca Eintracht Nathaniel Brown
6%
Nie znaleziono quizów pasujących do podanych kryteriów
Rozkład punktacji
Procent ludzi z każdym wynikiem
Percentyl według liczby udzielonych odpowiedzi
Twoja historia wyników
Nie rozwiązałeś tego quizu